[Event "ARCTIC CHESS CHALLENGE 2010"]
[Site "SCANDIC TROMSØ"]
[Date "2010.07.31"]
[Round "4"]
[White "Grotnes, Nils R"]
[Black "Savola, Ari"]
[Result "0-1"]
[WhiteElo "2219"]
[BlackElo "1970"]
[PlyCount "90"]
[EventDate "2010.??.??"]

1. d4 Nf6 2. c4 c5 3. d5 b5 4. Nc3 b4 5. Nb1 d6 6. Nd2 g6 7. b3 Bg7 8. Bb2 O-O
9. e4 a5 10. Rc1 Nbd7 11. Rc2 Nb6 12. Bd3 a4 13. Ne2 Ra7 14. O-O Bh6 15. h3
Nbd7 16. f4 Ne8 17. Nf3 axb3 18. axb3 Bg7 19. Qe1 Bxb2 20. Rxb2 e6 21. Qg3 Qf6
22. e5 Qg7 23. Rd2 Ra3 24. Bc2 Nb6 25. dxe6 Bxe6 26. exd6 Nf6 27. Qf2 Nbd7 28.
Ng3 Rfa8 29. f5 gxf5 30. Nh4 Ne4 31. Nxe4 fxe4 32. Bxe4 R8a6 33. Nf5 Qg5 34.
Rd3 Kf8 35. Rg3 Qf6 36. Qd2 Ra1 37. Rgf3 Rxf1+ 38. Rxf1 Ra1 39. Qh6+ Qxh6 40.
Nxh6 Rxf1+ 41. Kxf1 Kg7 42. Nf5+ Kf6 43. Ng3 h6 44. Ke2 Ke5 45. Ke3 f5 0-1

[Event "ARCTIC CHESS CHALLENGE 2010"]
[Site "SCANDIC TROMSØ"]
[Date "2010.07.31"]
[Round "4"]
[White "Bjerke, Richard"]
[Black "Ukkelberg, Øyvind"]
[Result "1-0"]
[WhiteElo "2199"]
[BlackElo "1971"]
[PlyCount "45"]
[EventDate "2010.??.??"]

1. d4 d6 2. e4 Nf6 3. Nc3 Nbd7 4. Nf3 e5 5. Bc4 h6 6. O-O Be7 7. Re1 c6 8. a4
a5 9. h3 O-O 10. Ba2 Qb6 11. Be3 Qb4 12. Qd2 Re8 13. dxe5 Nxe5 14. Nxe5 dxe5
15. Bxh6 gxh6 16. Qxh6 Be6 17. Re3 Nh7 18. Bxe6 Bg5 19. Bxf7+ Kh8 20. Qh5 Bxe3
21. Bxe8 Bd4 22. Bg6 Qe7 23. Ne2 1-0

[Event "ARCTIC CHESS CHALLENGE 2010"]
[Site "SCANDIC TROMSØ"]
[Date "2010.07.31"]
[Round "4"]
[White "Prakken, Gerrit"]
[Black "Jalloul, Maya M"]
[Result "1-0"]
[WhiteElo "2194"]
[BlackElo "1894"]
[PlyCount "37"]
[EventDate "2010.??.??"]

1. d4 Nf6 2. Nf3 g6 3. c4 Bg7 4. g3 d6 5. Bg2 O-O 6. O-O Nbd7 7. Nc3 e5 8. e4
a5 9. h3 Ne8 10. Re1 c6 11. Be3 h6 12. dxe5 Qe7 13. exd6 Nxd6 14. Qd3 Re8 15.
Bf4 Ne5 16. Nxe5 Bxe5 17. Red1 Rd8 18. c5 Bxf4 19. gxf4 1-0

[Event "ARCTIC CHESS CHALLENGE 2010"]
[Site "SCANDIC TROMSØ"]
[Date "2010.07.31"]
[Round "4"]
[White "Botheim, Tor"]
[Black "Steil-Antoni, Fiona"]
[Result "1-0"]
[WhiteElo "1929"]
[BlackElo "2193"]
[PlyCount "49"]
[EventDate "2010.??.??"]

1. d4 d6 2. e4 Nf6 3. Bd3 e5 4. c3 d5 5. dxe5 Nxe4 6. Bxe4 dxe4 7. Qxd8+ Kxd8
8. Bf4 Nd7 9. Ne2 Nc5 10. O-O Nd3 11. b3 h6 12. h3 g5 13. Bh2 Bg7 14. Ng3 Nxe5
15. Nh5 f6 16. Nxg7 h5 17. Bxe5 fxe5 18. Re1 Ke7 19. Nd2 g4 20. Rxe4 Kf6 21.
Nxh5+ Rxh5 22. hxg4 Rh7 23. f3 Bd7 24. Rae1 Re8 25. Nc4 1-0

[Event "ARCTIC CHESS CHALLENGE 2010"]
[Site "SCANDIC TROMSØ"]
[Date "2010.07.31"]
[Round "4"]
[White "Monsøy, Arild"]
[Black "Larsen, Martin Halsvik"]
[Result "0-1"]
[WhiteElo "1961"]
[BlackElo "2178"]
[PlyCount "113"]
[EventDate "2010.??.??"]

1. c4 Nf6 2. Nc3 c5 3. d3 g6 4. e4 d6 5. g3 Nc6 6. h3 Bg7 7. Bg2 Be6 8. Nge2
Qd7 9. Nf4 Ne5 10. O-O O-O 11. Kh2 a6 12. a4 Rab8 13. Be3 b6 14. Nxe6 Qxe6 15.
Qd2 h5 16. f4 h4 17. fxe5 Nh5 18. exd6 Qxd6 19. Rf3 Be5 20. Kg1 Bxg3 21. Ne2
Rbd8 22. Nxg3 Nxg3 23. Rd1 Qe6 24. Rf2 f6 25. Bf4 Nh5 26. Bh2 Kg7 27. Qe2 Rd4
28. Qg4 Qxg4 29. hxg4 Ng3 30. Bxg3 hxg3 31. Rf3 Rfd8 32. Rff1 Rxd3 33. Rxd3
Rxd3 34. Rf3 Rd1+ 35. Rf1 Rd2 36. Rb1 Rc2 37. b3 Kh6 38. e5 f5 39. gxf5 gxf5
40. Rd1 Re2 41. Rd5 Kg5 42. a5 bxa5 43. Rxc5 Kg4 44. Rd5 Re1+ 45. Bf1 f4 46.
Rd4 Rxe5 47. Kg2 Re3 48. c5 e5 49. Rc4 e4 50. c6 f3+ 51. Kg1 g2 52. Kf2 Re1 53.
Bxg2 Re2+ 54. Kg1 Kg3 55. Rc3 Re1+ 56. Bf1 e3 57. c7 0-1

[Event "ARCTIC CHESS CHALLENGE 2010"]
[Site "SCANDIC TROMSØ"]
[Date "2010.07.31"]
[Round "4"]
[White "Grebstad, Kjell Børre"]
[Black "Eriksson, Magnus"]
[Result "0-1"]
[WhiteElo "1952"]
[BlackElo "2165"]
[PlyCount "60"]
[EventDate "2010.??.??"]

1. d4 Nf6 2. c4 Nc6 3. Nf3 e6 4. Nc3 Bb4 5. Qc2 O-O 6. Bg5 h6 7. Bh4 d6 8. e3
Re8 9. Be2 e5 10. d5 Nb8 11. O-O Bxc3 12. Bxf6 Qxf6 13. Qxc3 a5 14. b3 Qg6 15.
Rfe1 Nd7 16. a3 b6 17. b4 a4 18. Rec1 f5 19. Qc2 Rf8 20. Nd2 Qf7 21. Nb1 e4 22.
Nc3 Ne5 23. g3 Bd7 24. h4 g5 25. hxg5 hxg5 26. Qd2 Kg7 27. Kg2 Qg6 28. Rh1 f4
29. Bh5 f3+ 30. Kf1 Rh8 0-1

[Event "ARCTIC CHESS CHALLENGE 2010"]
[Site "SCANDIC TROMSØ"]
[Date "2010.07.31"]
[Round "4"]
[White "Barr, Steven G"]
[Black "Kvisla, Johannes Luangtep"]
[Result "0-1"]
[WhiteElo "1893"]
[BlackElo "2163"]
[PlyCount "77"]
[EventDate "2010.??.??"]

1. d4 e6 2. c4 f5 3. g3 Nf6 4. Bg2 c6 5. Nf3 d5 6. O-O Bd6 7. Qc2 O-O 8. Nc3
Nbd7 9. c5 Bc7 10. a3 e5 11. dxe5 Nxe5 12. b4 Qe8 13. Rb1 Nc4 14. a4 f4 15.
gxf4 Qh5 16. e4 Bh3 17. Bxh3 Qxh3 18. Ng5 Qh4 19. e5 h6 20. exf6 hxg5 21. Qf5
Rxf6 22. Qxg5 Qh3 23. Rb3 Qh7 24. Nxd5 cxd5 25. Qxd5+ Kh8 26. Qxc4 Rh6 27. h3
Rxh3 28. Rxh3 Qxh3 29. Qe4 Rf8 30. Qg2 Qd7 31. Qf3 Rf6 32. Re1 Qf7 33. Kf1 Rh6
34. Re4 Qf5 35. Bb2 Kh7 36. Bd4 Qf7 37. Qd3 Kh8 38. Qf3 Qc4+ 39. Kg2 0-1

[Event "ARCTIC CHESS CHALLENGE 2010"]
[Site "SCANDIC TROMSØ"]
[Date "2010.07.31"]
[Round "4"]
[White "Marzano, Carlo"]
[Black "Wilsbeck, Jan B"]
[Result "1-0"]
[WhiteElo "2159"]
[BlackElo "1932"]
[PlyCount "80"]
[EventDate "2010.??.??"]

1. d4 Nf6 2. c4 c5 3. d5 b5 4. Nf3 d6 5. Nfd2 e6 6. e4 b4 7. Bd3 g6 8. O-O Bg7
9. f4 exd5 10. cxd5 O-O 11. Nc4 Na6 12. Nbd2 Nc7 13. h3 Nb5 14. Nf3 Rb8 15. Qc2
Nd7 16. Be3 Nb6 17. Rad1 Nxc4 18. Bxc4 Re8 19. e5 a6 20. Qf2 Bf8 21. Ng5 Bg7
22. Ne4 dxe5 23. fxe5 Rxe5 24. Qxf7+ Kh8 25. Bg5 Rxg5 26. Nxg5 Nd6 27. Qf4 Kg8
28. Ne6 Qe7 29. Nxg7 Kxg7 30. Rde1 Qd8 31. Qe5+ Kh6 32. Qe3+ Kg7 33. Qxc5 Bf5
34. Qd4+ Kg8 35. Bxa6 b3 36. a3 Qg5 37. Qe5 Rb6 38. Bd3 Qd2 39. Bxf5 Nxf5 40.
g4 Nh4 1-0

[Event "ARCTIC CHESS CHALLENGE 2010"]
[Site "SCANDIC TROMSØ"]
[Date "2010.07.31"]
[Round "4"]
[White "Tocklin, Tomi"]
[Black "Sahl, Sheila Barth"]
[Result "1/2-1/2"]
[WhiteElo "1885"]
[BlackElo "2156"]
[PlyCount "142"]
[EventDate "2010.??.??"]

1. e4 c5 2. Nf3 a6 3. c3 d5 4. exd5 Qxd5 5. d4 Nf6 6. c4 Qd6 7. Nc3 e6 8. Be3
cxd4 9. Qxd4 Nc6 10. Qxd6 Bxd6 11. Be2 Ng4 12. Bd2 f5 13. O-O O-O 14. h3 Nf6
15. Be3 Rb8 16. Rfd1 Bc7 17. Bc5 Re8 18. Bd6 Bxd6 19. Rxd6 e5 20. c5 h6 21.
Bc4+ Kh7 22. Rad1 e4 23. Nd4 Ne5 24. Be2 Bd7 25. Nd5 Nxd5 26. Rxd5 Rbc8 27. b4
Re7 28. Rd6 f4 29. a3 Rf8 30. f3 e3 31. Bd3+ Nxd3 32. Rxd3 e2 33. Nxe2 Bb5 34.
Nc3 Bxd3 35. Rxd3 Re1+ 36. Kf2 Ra1 37. Ne4 Ra2+ 38. Kf1 Rf7 39. Nd6 Re7 40. Ne4
Rc7 41. Rc3 Rd7 42. Nd6 Re7 43. Ne4 Re6 44. Rd3 Rg6 45. Nd2 b6 46. cxb6 Rxb6
47. Nc4 Re6 48. Rd2 Rxd2 49. Nxd2 Re3 50. a4 Ra3 51. a5 Ra4 52. Ne4 Rxb4 53.
Nc5 Rb5 54. Nxa6 Rxa5 55. Nb4 g5 56. Nd3 Ra1+ 57. Ke2 Ra2+ 58. Kf1 Rd2 59. Nf2
Kg6 60. Ne4 Ra2 61. Nc3 Rc2 62. Ne2 Rb2 63. h4 Kh5 64. hxg5 Kxg5 65. Kf2 Kh4
66. Kf1 Rxe2 67. Kxe2 Kg3 68. Kf1 h5 69. Kg1 h4 70. Kh1 h3 71. Kg1 hxg2 1/2-1/2

[Event "ARCTIC CHESS CHALLENGE 2010"]
[Site "SCANDIC TROMSØ"]
[Date "2010.07.31"]
[Round "4"]
[White "Spiegelhauer, Tilmann"]
[Black "Røyset, Pål"]
[Result "0-1"]
[WhiteElo "1879"]
[BlackElo "2152"]
[PlyCount "92"]
[EventDate "2010.??.??"]

1. d4 Nf6 2. c4 e6 3. Nf3 Bb4+ 4. Bd2 c5 5. a3 Bxd2+ 6. Nbxd2 cxd4 7. Nxd4 d5
8. cxd5 O-O 9. N2f3 Qxd5 10. e3 a6 11. Qb3 Qa5+ 12. Qb4 Qc7 13. Qc4 Qb6 14. Qb4
Qa7 15. Be2 Nbd7 16. Rc1 Nd5 17. Qd6 N7f6 18. O-O Bd7 19. e4 Nb6 20. Qf4 Rac8
21. e5 Qb8 22. Qh4 Nfd5 23. Bd3 h6 24. Qe4 f5 25. exf6 Nxf6 26. Qe5 Nbd5 27.
Qxb8 Rxb8 28. Rfe1 Nf4 29. Bc4 Rbe8 30. Ne5 Bc8 31. g3 N4d5 32. Ng6 Rf7 33. Nf3
Rc7 34. Nfe5 b6 35. f4 Bb7 36. Bxd5 Nxd5 37. Rxc7 Nxc7 38. Rc1 Nd5 39. Nd7 Rd8
40. Nge5 a5 41. Kf2 Kh7 42. Rc2 Kg8 43. Ke2 Ba6+ 44. Kf2 Bb5 45. Nxb6 Nxb6 46.
Rc5 Rd2+ 0-1

[Event "ARCTIC CHESS CHALLENGE 2010"]
[Site "SCANDIC TROMSØ"]
[Date "2010.07.31"]
[Round "4"]
[White "Flermoen, Peter"]
[Black "Remman, Frank"]
[Result "1-0"]
[WhiteElo "2144"]
[BlackElo "1911"]
[PlyCount "97"]
[EventDate "2010.??.??"]

1. e4 c5 2. Nf3 e6 3. Nc3 Nc6 4. g3 g6 5. d4 cxd4 6. Nxd4 a6 7. Bg2 Bg7 8. Be3
Nf6 9. Nxc6 bxc6 10. Bc5 d5 11. O-O Nd7 12. Ba3 Nb6 13. exd5 cxd5 14. Re1 Bb7
15. Qg4 Qd7 16. Rad1 O-O-O 17. Qb4 Qc6 18. Ne2 Nc4 19. Nd4 Qb6 20. Qxb6 Nxb6
21. b3 Rhe8 22. Bc5 Nd7 23. Bb4 Nb8 24. Ba3 Nc6 25. Nxc6 Bxc6 26. c4 Kc7 27.
Bb4 Kb6 28. cxd5 exd5 29. Be7 Rd7 30. Bc5+ Kxc5 31. Rxe8 Kb4 32. Rb8+ Ka3 33.
Rd2 Bb7 34. b4 Bb2 35. Bf1 Kxa2 36. Bxa6 Bxa6 37. Ra8 Kb3 38. Rxa6 Bc3 39. Rd1
Kxb4 40. Kf1 d4 41. Ke2 Kc4 42. Rc6+ Kb3 43. Kd3 Ra7 44. Rb1+ Ka2 45. Rbb6 Re7
46. Ra6+ Kb1 47. Rcb6+ Kc1 48. Ra2 Re1 49. Rc2+ 1-0

[Event "ARCTIC CHESS CHALLENGE 2010"]
[Site "SCANDIC TROMSØ"]
[Date "2010.07.31"]
[Round "4"]
[White "Gholami, Armin"]
[Black "Søraas, Torben"]
[Result "0-1"]
[WhiteElo "1836"]
[BlackElo "2139"]
[PlyCount "78"]
[EventDate "2010.??.??"]

1. Nf3 Nf6 2. c4 c5 3. Nc3 Nc6 4. d4 cxd4 5. Nxd4 g6 6. e4 d6 7. f3 Nxd4 8.
Qxd4 Bg7 9. Be2 O-O 10. O-O Ng4 11. Qd3 Qb6+ 12. Kh1 Nf2+ 13. Rxf2 Qxf2 14. Be3
Qh4 15. g3 Qh3 16. Nb5 b6 17. g4 Bb7 18. Rg1 Be5 19. f4 f5 20. gxf5 Qxf5 21.
Bf3 Qf6 22. f5 Qh4 23. Kg2 e6 24. Bf2 Qxh2+ 25. Kf1 Qh3+ 26. Ke1 exf5 27. Rh1
Bh2 28. c5 fxe4 29. Qb3+ d5 30. Bg4 Qxg4 31. Rxh2 Rf3 32. Qc2 e3 33. Bxe3 Rxe3+
34. Kd2 Rae8 35. Qd1 Qxd1+ 36. Kxd1 bxc5 37. Nd6 R8e7 38. Rg2 d4 39. Rg1 Bf3+
0-1

[Event "ARCTIC CHESS CHALLENGE 2010"]
[Site "SCANDIC TROMSØ"]
[Date "2010.07.31"]
[Round "4"]
[White "Pettersson, Tobias"]
[Black "Steinskog, Asbjørn O"]
[Result "1-0"]
[WhiteElo "2135"]
[BlackElo "1891"]
[PlyCount "115"]
[EventDate "2010.??.??"]

1. e4 e5 2. Nf3 Nc6 3. d4 exd4 4. Nxd4 Bc5 5. Nxc6 Qf6 6. Qf3 dxc6 7. Nc3 Be6
8. Bf4 Bd6 9. Be3 Bb4 10. Bf4 Bd6 11. Bd2 Qxf3 12. gxf3 Ne7 13. h4 Ng6 14.
O-O-O O-O-O 15. h5 Ne5 16. Be2 Bc4 17. h6 g6 18. Bg5 Bxe2 19. Nxe2 Rde8 20. Bf6
Rhg8 21. Rh3 Re6 22. Bg7 Bf8 23. Nd4 Re8 24. Bf6 Nd7 25. Bg5 Bd6 26. Be3 Nc5
27. c3 Ne6 28. Ne2 Bc5 29. f4 Bxe3+ 30. Rxe3 Nc5 31. Ng3 Rd8 32. b4 Rxd1+ 33.
Kxd1 Nd7 34. e5 Nb6 35. Kc2 Nd5 36. Rf3 f5 37. a3 Rd8 38. Ne2 Ne7 39. Nd4 Ng8
40. Rh3 Re8 41. Kb3 Kd7 42. a4 a6 43. Kc4 Kc8 44. Nf3 Re7 45. Ng5 Kd7 46. Kd4
Ke8 47. e6 Nf6 48. c4 b6 49. Rh1 Kf8 50. f3 Ke8 51. Rd1 Ng8 52. Ke5 Nxh6 53.
Rh1 Ng8 54. Nxh7 Kd8 55. Nf6 Nxf6 56. Kxf6 Re8 57. Rd1+ Kc8 58. Kf7 1-0

[Event "ARCTIC CHESS CHALLENGE 2010"]
[Site "SCANDIC TROMSØ"]
[Date "2010.07.31"]
[Round "4"]
[White "Reutimann, Hans Peter"]
[Black "Svensen, Tarjei Joten"]
[Result "0-1"]
[WhiteElo "1804"]
[BlackElo "2129"]
[PlyCount "120"]
[EventDate "2010.??.??"]

1. d4 e6 2. Nf3 Nf6 3. Bf4 c5 4. e3 b6 5. Nbd2 Bb7 6. c3 Be7 7. h3 O-O 8. Bd3
cxd4 9. exd4 d6 10. Qc2 Nbd7 11. g4 g6 12. Rg1 Re8 13. O-O-O Nd5 14. Bg3 N7f6
15. Kb1 Rc8 16. Qb3 Bf8 17. Rge1 a6 18. Ne4 Nxe4 19. Bxe4 b5 20. g5 Rc4 21. Nd2
Rc7 22. f4 Qa8 23. h4 Rec8 24. Rc1 Bg7 25. h5 Ne7 26. hxg6 hxg6 27. f5 Bxe4+
28. Nxe4 Nxf5 29. Bxd6 Nxd4 30. Qa3 Rc6 31. Be7 Nf3 32. Rh1 Rc4 33. Nf6+ Bxf6
34. Bxf6 Rh4 35. Rxh4 Nxh4 36. Qd6 Qe4+ 37. Ka1 Nf5 38. Qh2 Qh4 39. Rh1 Qxh2
40. Rxh2 Ng7 41. Rd2 Nh5 42. Rd8+ Rxd8 43. Bxd8 Kf8 44. a4 Ke8 45. Bb6 Kd7 46.
axb5 axb5 47. b4 Kc6 48. Be3 Kd5 49. Kb2 Ng3 50. Kc2 e5 51. Bb6 e4 52. Kd2 Nf5
53. Bd8 Nd6 54. Ke3 Nc4+ 55. Ke2 Ke5 56. Bf6+ Kf4 57. Be7 Nb6 58. Bc5 Nd5 59.
c4 bxc4 60. b5 Nc3+ 0-1

[Event "ARCTIC CHESS CHALLENGE 2010"]
[Site "SCANDIC TROMSØ"]
[Date "2010.07.31"]
[Round "4"]
[White "Obers, Frits"]
[Black "Mikalsen, Harald"]
[Result "1/2-1/2"]
[WhiteElo "2112"]
[BlackElo "1880"]
[PlyCount "35"]
[EventDate "2010.??.??"]

1. c4 c5 2. g3 Nc6 3. Bg2 Nf6 4. Nf3 e6 5. O-O Be7 6. b3 O-O 7. Bb2 d5 8. e3
Rb8 9. d4 dxc4 10. bxc4 Re8 11. Qe2 Bd7 12. Nc3 cxd4 13. exd4 Qa5 14. Rfd1 Ba3
15. Qc2 a6 16. Rab1 Bxb2 17. Rxb2 Rec8 18. Qb3 1/2-1/2

[Event "ARCTIC CHESS CHALLENGE 2010"]
[Site "SCANDIC TROMSØ"]
[Date "2010.07.31"]
[Round "4"]
[White "Salvesen, Bjørn"]
[Black "Savola, Laura"]
[Result "0-1"]
[WhiteElo "1791"]
[BlackElo "2107"]
[PlyCount "120"]
[EventDate "2010.??.??"]

1. f4 d5 2. Nf3 g6 3. e3 Bg7 4. Be2 Nf6 5. d3 c5 6. O-O O-O 7. c3 b6 8. Ne5 Bb7
9. Nd2 Nfd7 10. Nxd7 Nxd7 11. e4 b5 12. Bf3 Qb6 13. exd5 c4+ 14. d4 Nf6 15. Ne4
Rfd8 16. Nxf6+ Bxf6 17. Bd2 Bxd5 18. Bxd5 Rxd5 19. Qf3 Rad8 20. Rae1 b4 21. Re2
Ra5 22. Ra1 bxc3 23. Bxc3 Bxd4+ 24. Kf1 Bxc3 25. Qxc3 Rh5 26. g4 Rhd5 27. Qe3
Qd6 28. Rae1 Rd4 29. Rf2 Rd7 30. Qe5 Qc6 31. Kg1 Qb6 32. Kf1 R4d5 33. Qe2 Qc6
34. Kg1 Qc5 35. Kf1 Qb4 36. h4 Rd2 37. Qe5 Qb7 38. Kg1 Qb6 39. Qe3 Rxb2 40.
Rxb2 Qxb2 41. Re2 Qd4 42. Kf2 Kf8 43. Rc2 Qxe3+ 44. Kxe3 Rc7 45. Kd4 h5 46.
gxh5 gxh5 47. Kc3 f6 48. Rb2 Rc5 49. Kd4 c3 50. Rc2 Rc7 51. f5 Kf7 52. Kd5 Rd7+
53. Kc4 Rd2 54. Rxc3 Rxa2 55. Rf3 Ra4+ 56. Kd5 Rxh4 57. Ra3 Rf4 58. Rxa7 Rxf5+
59. Ke4 Rg5 60. Ra3 Rg4+ 0-1

[Event "ARCTIC CHESS CHALLENGE 2010"]
[Site "SCANDIC TROMSØ"]
[Date "2010.07.31"]
[Round "4"]
[White "Andreassen, Arnold"]
[Black "Kjøita, Henning"]
[Result "1-0"]
[WhiteElo "2094"]
[BlackElo "1845"]
[PlyCount "79"]
[EventDate "2010.??.??"]

1. e4 c5 2. Nf3 Nc6 3. Bb5 Nd4 4. Nxd4 cxd4 5. O-O a6 6. Bc4 d6 7. d3 g6 8. f4
Bg7 9. f5 Nf6 10. Bg5 Qc7 11. Nd2 b5 12. Bb3 Bb7 13. a4 O-O 14. fxg6 hxg6 15.
Qe1 Bc6 16. Qh4 bxa4 17. Ba2 Bd7 18. Nc4 d5 19. Bf4 Qb7 20. Ne5 Be6 21. Bh6 Qc7
22. exd5 Bxd5 23. Nxg6 fxg6 24. Rxf6 Bxa2 25. Rxg6 Rf7 26. Rxa2 Qxc2 27. Ra1
Qxd3 28. Qg4 Raf8 29. Rxg7+ Kh8 30. Rxf7 Rxf7 31. Rd1 Qf5 32. Qxf5 Rxf5 33.
Rxd4 Kh7 34. Be3 Rb5 35. Rxa4 Rxb2 36. Rxa6 Rb1+ 37. Kf2 Kg7 38. Ra7 Kf6 39. h4
e6 40. g4 1-0

[Event "ARCTIC CHESS CHALLENGE 2010"]
[Site "SCANDIC TROMSØ"]
[Date "2010.07.31"]
[Round "4"]
[White "Hagen, Anders G"]
[Black "Nomat, Emil-Lion"]
[Result "1-0"]
[WhiteElo "2085"]
[BlackElo "1826"]
[PlyCount "81"]
[EventDate "2010.??.??"]

1. d4 Nf6 2. Nf3 g6 3. c4 Bg7 4. Nc3 d5 5. cxd5 Nxd5 6. e4 Nxc3 7. bxc3 O-O 8.
Be2 c5 9. Rb1 Nc6 10. d5 Bxc3+ 11. Bd2 Bxd2+ 12. Qxd2 Nd4 13. Nxd4 cxd4 14.
Qxd4 Qa5+ 15. Qd2 Qxd2+ 16. Kxd2 Rd8 17. Ke3 b6 18. Rhd1 Rb8 19. Rbc1 Bb7 20.
f4 f5 21. exf5 gxf5 22. Rc7 Kf7 23. d6 Kf6 24. dxe7 Rxd1 25. Bxd1 Bd5 26. Rd7
Bf7 27. Rd8 Rb7 28. e8=Q Bxe8 29. Rxe8 b5 30. Bc2 a5 31. Rf8+ Kg7 32. Rxf5 a4
33. Rc5 Kf6 34. Be4 Rb8 35. Rc6+ Ke7 36. Rc7+ Kd6 37. Rb7 Rxb7 38. Bxb7 b4 39.
Kd4 b3 40. axb3 a3 41. Kc3 1-0

[Event "ARCTIC CHESS CHALLENGE 2010"]
[Site "SCANDIC TROMSØ"]
[Date "2010.07.31"]
[Round "4"]
[White "Forså, Elise"]
[Black "Carlsen, Henrik"]
[Result "0-1"]
[WhiteElo "1693"]
[BlackElo "2085"]
[PlyCount "86"]
[EventDate "2010.??.??"]

1. e4 e6 2. d4 d5 3. Nc3 Nf6 4. e5 Nfd7 5. f4 c5 6. Nf3 Nc6 7. Be3 cxd4 8. Nxd4
Bc5 9. Qd2 Qe7 10. h4 f6 11. Nf3 fxe5 12. fxe5 Ndxe5 13. Nxe5 Nxe5 14. Bxc5
Qxc5 15. Qg5 Nc4 16. Bxc4 Qxc4 17. Qxg7 Rf8 18. O-O-O Qf4+ 19. Kb1 Bd7 20. Qxh7
O-O-O 21. Qd3 Qg4 22. Qd4 Qxd4 23. Rxd4 Bc6 24. Re1 Rde8 25. Rd2 Kc7 26. Kc1
Rf4 27. g3 Rg4 28. Ne2 e5 29. Rg1 Reg8 30. Rdd1 d4 31. Kd2 Rd8 32. Ke1 Bf3 33.
Rd3 Bd5 34. a3 Rd6 35. c3 Bc4 36. Rd2 d3 37. Nc1 e4 38. Kd1 e3 39. Rdg2 d2 40.
h5 dxc1=Q+ 41. Kxc1 e2 42. Kc2 Rd1 43. Rxd1 Bb3+ 0-1

[Event "ARCTIC CHESS CHALLENGE 2010"]
[Site "SCANDIC TROMSØ"]
[Date "2010.07.31"]
[Round "4"]
[White "Kupfer, Michael"]
[Black "Salomon, Johan"]
[Result "1/2-1/2"]
[WhiteElo "2085"]
[BlackElo "1770"]
[PlyCount "88"]
[EventDate "2010.??.??"]

1. e4 e5 2. Nf3 Nc6 3. Bc4 Bc5 4. d4 exd4 5. c3 dxc3 6. Bxf7+ Kxf7 7. Qd5+ Ke8
8. Qh5+ Kf8 9. Qxc5+ Qe7 10. Qxc3 Qb4 11. Be3 d6 12. Nd4 Qxc3+ 13. Nxc3 Nxd4
14. Bxd4 Bd7 15. Nd5 c6 16. Nc3 Nf6 17. O-O-O Ke7 18. Rhe1 Be6 19. f4 b6 20. e5
dxe5 21. Bxe5 Kf7 22. Bxf6 gxf6 23. Rd6 Bf5 24. Rxc6 Rac8 25. Rxc8 Rxc8 26. Rd1
Ke6 27. Rd4 a6 28. Kd2 h5 29. Ke3 b5 30. a4 bxa4 31. Rxa4 Rc6 32. Ne2 Kd7 33.
Nd4 Bc2 34. Ra5 Rc8 35. Rxa6 Ke7 36. Ra7+ Kd6 37. Rf7 Kd5 38. Nxc2 Rxc2 39.
Rxf6 Rxg2 40. Rf5+ Ke6 41. Rxh5 Rxb2 42. Kf3 Kf6 43. Re5 Rxh2 44. Ra5 Rb2
1/2-1/2

[Event "ARCTIC CHESS CHALLENGE 2010"]
[Site "SCANDIC TROMSØ"]
[Date "2010.07.31"]
[Round "4"]
[White "Smith, Brian"]
[Black "Haugsdal, Arn Tore"]
[Result "0-1"]
[WhiteElo "1770"]
[BlackElo "2079"]
[PlyCount "66"]
[EventDate "2010.??.??"]

1. d4 c5 2. d5 b5 3. e4 Qb6 4. c4 b4 5. a4 g5 6. Bd3 Bg7 7. h4 gxh4 8. Rxh4 Bf6
9. Rh5 d6 10. Ra2 Bd4 11. b3 Nf6 12. Rh4 Rg8 13. Kf1 Bg4 14. f3 Bh5 15. g4 Bg6
16. Ne2 e5 17. Ng3 Qd8 18. Rhh2 Qe7 19. Bh6 Kd8 20. Bg5 Nbd7 21. Qc1 Kc7 22.
Ke2 Qf8 23. Nd2 Ne8 24. Ndf1 f6 25. Bh6 Qe7 26. Nf5 Bxf5 27. exf5 e4 28. Bxe4
Ng7 29. Bf4 h5 30. Kd3 Rae8 31. g5 Ne5+ 32. Bxe5 Bxe5 33. gxf6 Bxf6 0-1

[Event "ARCTIC CHESS CHALLENGE 2010"]
[Site "SCANDIC TROMSØ"]
[Date "2010.07.31"]
[Round "4"]
[White "Tari, Aryan"]
[Black "Leite, Steinar"]
[Result "1-0"]
[WhiteElo "2060"]
[BlackElo "1714"]
[PlyCount "51"]
[EventDate "2010.??.??"]

1. e4 e5 2. Nf3 Nc6 3. Bb5 f5 4. d3 fxe4 5. dxe4 Nf6 6. Bg5 d6 7. Nc3 Be7 8.
Qd2 Be6 9. O-O-O a6 10. Ba4 O-O 11. Qe2 Qc8 12. Nd5 b5 13. Bb3 Nxd5 14. exd5
Bxg5+ 15. Nxg5 Nd4 16. Rxd4 Bf5 17. Rdd1 Kh8 18. f3 b4 19. g4 Bg6 20. h4 a5 21.
h5 Bf7 22. Bc4 Qd8 23. Nxf7+ Rxf7 24. Bd3 Qg5+ 25. Kb1 a4 26. Qe4 1-0

[Event "ARCTIC CHESS CHALLENGE 2010"]
[Site "SCANDIC TROMSØ"]
[Date "2010.07.31"]
[Round "4"]
[White "Taylor-Bowd, Philip J"]
[Black "Hegelund, Ole Jakob"]
[Result "1-0"]
[WhiteElo "2046"]
[BlackElo "1689"]
[PlyCount "65"]
[EventDate "2010.??.??"]

1. e4 e6 2. d4 d5 3. Nd2 Nf6 4. e5 Nfd7 5. Bd3 c5 6. c3 Nc6 7. Ne2 cxd4 8. cxd4
a5 9. O-O Qb6 10. Nf3 Be7 11. Re1 Nf8 12. Be3 a4 13. Nc3 Qxb2 14. Nb5 Kd7 15.
Rb1 Qxa2 16. Re2 Qxe2 17. Bxe2 a3 18. Bd2 f6 19. Qb3 Ng6 20. Ra1 b6 21. exf6
gxf6 22. Nxa3 Ba6 23. Bxa6 Rxa6 24. Nc2 Rxa1+ 25. Nxa1 Kc7 26. Nc2 Na5 27. Bxa5
bxa5 28. Qb5 Ra8 29. Qa4 Kd6 30. g3 Bd8 31. Na3 Rc8 32. Nb5+ Ke7 33. Qa3+ 1-0

[Event "ARCTIC CHESS CHALLENGE 2010"]
[Site "SCANDIC TROMSØ"]
[Date "2010.07.31"]
[Round "5"]
[White "Moiseenko, Alexander"]
[Black "Westerinen, Heikki M.J"]
[Result "1-0"]
[WhiteElo "2667"]
[BlackElo "2347"]
[PlyCount "95"]
[EventDate "2010.??.??"]

1. d4 Nf6 2. c4 g6 3. Nc3 Bg7 4. e4 d6 5. Bd3 O-O 6. Nge2 Nc6 7. O-O Nh5 8. Bc2
e5 9. d5 Ne7 10. Kh1 f5 11. exf5 gxf5 12. f4 Ng6 13. Ng1 Qh4 14. Nf3 Qg4 15.
fxe5 dxe5 16. Ng5 Nhf4 17. Qxg4 fxg4 18. g3 Nh3 19. Rxf8+ Nxf8 20. Nb5 Bd7 21.
Nxh3 gxh3 22. Nxc7 Rc8 23. d6 Bc6+ 24. Kg1 e4 25. Be3 Nd7 26. c5 Ne5 27. Bd1
Bf6 28. Be2 Kf7 29. Rd1 Nf3+ 30. Bxf3 exf3 31. b4 a6 32. Bd4 Bg5 33. Re1 h6 34.
Kf2 Rb8 35. Be3 Bf6 36. Bxh6 Bd4+ 37. Be3 Bc3 38. Rb1 Rg8 39. a3 Kf6 40. Rd1
Ke5 41. Rc1 Bb2 42. Rb1 Bc3 43. Rb3 Ba1 44. a4 Be4 45. b5 axb5 46. axb5 b6 47.
d7 bxc5 48. Ne8 1-0

[Event "ARCTIC CHESS CHALLENGE 2010"]
[Site "SCANDIC TROMSØ"]
[Date "2010.07.31"]
[Round "5"]
[White "Sarakauskas, Gediminas"]
[Black "Kobalia, Mikhail"]
[Result "1/2-1/2"]
[WhiteElo "2440"]
[BlackElo "2648"]
[PlyCount "76"]
[EventDate "2010.??.??"]

1. d4 Nf6 2. Nf3 g6 3. c4 Bg7 4. Nc3 O-O 5. e4 d6 6. Be2 Nbd7 7. e5 Ne8 8. O-O
c5 9. Bf4 cxd4 10. Qxd4 dxe5 11. Bxe5 f6 12. Bg3 e5 13. Qd5+ Kh8 14. Rad1 Qe7
15. Rfe1 Nb6 16. Qa5 Be6 17. c5 Nd7 18. b4 b6 19. cxb6 Nxb6 20. Bf1 Qf7 21. Nd2
Nd6 22. f3 Nf5 23. Bf2 Nd4 24. Nde4 Rfd8 25. f4 Bg4 26. fxe5 fxe5 27. Rc1 Rac8
28. Bg3 Qe7 29. Nb5 Nxb5 30. Qxb5 Bf5 31. Rc5 Nd7 32. Rxc8 Rxc8 33. a3 Nb6 34.
Bf2 Qc7 35. Bg3 Qe7 36. Bf2 Qc7 37. Bg3 Qe7 38. Bf2 Qd8 1/2-1/2

[Event "ARCTIC CHESS CHALLENGE 2010"]
[Site "SCANDIC TROMSØ"]
[Date "2010.07.31"]
[Round "5"]
[White "Socko, Bartosz"]
[Black "Babujian, Levon"]
[Result "1-0"]
[WhiteElo "2646"]
[BlackElo "2485"]
[PlyCount "77"]
[EventDate "2010.??.??"]

1. e4 e5 2. Nf3 Nc6 3. Bc4 Nf6 4. Ng5 d5 5. exd5 Na5 6. Bb5+ c6 7. dxc6 bxc6 8.
Be2 h6 9. Nh3 g5 10. d3 Bg7 11. Nc3 O-O 12. Ng1 Nd5 13. h4 g4 14. Bxg4 f5 15.
Bh5 Rb8 16. Nge2 Rb4 17. g3 Qe7 18. Nxd5 cxd5 19. Bd2 f4 20. Bxb4 Qxb4+ 21. c3
Qb7 22. gxf4 d4 23. Rg1 exf4 24. Nxd4 Qxb2 25. Qc1 Qb8 26. Bf3 Qe5+ 27. Kd2 Rd8
28. Qb2 Kh8 29. Qb4 Qc7 30. Rae1 Bf6 31. Rg6 Qf7 32. Rxh6+ Kg7 33. Rxf6 Qxa2+
34. Kd1 Qa1+ 35. Ke2 Qa2+ 36. Kf1 Bh3+ 37. Bg2 Bxg2+ 38. Kxg2 Qd5+ 39. Kh2 1-0

[Event "ARCTIC CHESS CHALLENGE 2010"]
[Site "SCANDIC TROMSØ"]
[Date "2010.07.31"]
[Round "5"]
[White "Khenkin, Igor"]
[Black "Thomassen, Joachim"]
[Result "1/2-1/2"]
[WhiteElo "2632"]
[BlackElo "2364"]
[PlyCount "95"]
[EventDate "2010.??.??"]

1. d4 Nf6 2. c4 g6 3. Nc3 Bg7 4. e4 d6 5. f3 O-O 6. Be3 a6 7. Qd2 Nbd7 8. Nge2
c5 9. dxc5 dxc5 10. Rd1 Qc7 11. Nf4 e6 12. Nd3 b6 13. Be2 Bb7 14. Bf4 Qc6 15.
Nf2 Nh5 16. Bh6 Bxh6 17. Qxh6 f5 18. f4 Ndf6 19. e5 Ng4 20. Bxg4 fxg4 21. Nfe4
Nxf4 22. Nf6+ Rxf6 23. exf6 Nxg2+ 24. Kd2 Qc7 25. Kc1 Rf8 26. Rhf1 Bf3 27. Rd2
Nf4 28. h3 Rxf6 29. Qh4 Rf8 30. hxg4 Bc6 31. Rfd1 Ng2 32. Qh6 Qf4 33. Qxf4 Rxf4
34. Rd8+ Kf7 35. Rc8 Bf3 36. Rd7+ Kf6 37. Rxh7 Ke5 38. g5 Ne3 39. b3 Rg4 40.
Kd2 Nf5 41. Rh2 Rxg5 42. Rb8 Rg1 43. Ne2 Rb1 44. Rf2 Rb2+ 45. Ke1 Rb1+ 46. Kd2
Rb2+ 47. Ke1 Rb1+ 48. Kd2 1/2-1/2